Sobre la complejidad del liderazgo /

Bibliographic Details
Main Author: Navarro Cid, José
Format: Analitica de revista
Language:Spanish

MARC

LEADER 00000cab a2200000 a 4500
001 041321
003 UAHC_CL
005 20170803124550.0
008 051228b xx j 000 1 spa
040 |a UAHC_CL  |c UAHC_CL  |d UAHC_CL 
100 1 |a Navarro Cid, José 
245 1 0 |a Sobre la complejidad del liderazgo /  |c José Navarro Cid. 
500 |a Revista de Psicología Social (España) 2001, vol 16 (1). p. 126-128 
500 |a Revista de Psicología Social (España) 2001, vol 16 (1). p. 126-128 
759 |a PP142 
773 0 |t Revista de sociología  |w 041937 
900 |a REV. PSICOL. SOC.-01/01 
942 |c REVA 
952 |0 0  |1 0  |4 0  |6 REV___PSICOL__SOC_01_01_000000000000000  |7 0  |8 General  |9 77652  |a BC  |b BC  |c General  |d 2017-08-03  |l 0  |o REV. PSICOL. SOC.-01/01  |p FICTICIO6769  |r 2019-01-08 00:00:00  |t 1  |w 2017-08-03  |y REVA 
999 |c 41321  |d 41321